[Event "Wiesbaden op 30th"]
[Site "Wiesbaden"]
[Date "2018.08.24"]
[Round "2"]
[White "Miranda Martin, Pablo Mateo"]
[Black "Kiechl, Stefan"]
[Result "0-1"]
[WhiteElo "1494"]
[BlackElo "1817"]
[PlyCount "90"]
[EventDate "2018.08.23"]
[EventType "swiss"]
[EventRounds "7"]
[EventCountry "GER"]
[SourceTitle "CBM 186 Extra"]
[Source "ChessBase"]
[SourceDate "2018.08.24"]
[SourceVersion "1"]
[SourceVersionDate "2018.08.24"]
[SourceQuality "1"]

1. e4 d6 2. d4 Nf6 3. Nc3 e5 4. dxe5 dxe5 5. Qxd8+ Kxd8 6. Bg5 Be6 7. Bd3 Nbd7 8. Nf3 Bd6 9. Bb5 c6 10. 0-0-0 Kc7 11. Ba4 Nc5 12. Rhe1 Nxa4 13. Nxa4 Nd7 14. Nc3 f6 15. Bh4 Bb4 16. Re3 Nb6 17. a3 Bc5 18. Re2 Rhe8 19. Red2 Nc4 20. Rd3 b5 21. Nd2 Nb6 22. Nb3 Be7 23. Rg3 g5 24. Na2 a5 25. Kb1 Rg8 26. Re3 gxh4 27. g3 a4 28. Nbc1 Nc4 29. Red3 hxg3 30. hxg3 Rad8 31. Rh1 Rh8 32. Rh6 Rxd3 33. cxd3 Nd6 34. Nb4 Nf7 35. Rh2 Bxb4 36. axb4 h5 37. Ne2 Bg4 38. f4 Bxe2 39. Rxe2 exf4 40. Rf2 fxg3 41. Rxf6 Ne5 42. Rf1 Nxd3 43. Kc2 Ne5 44. Kd1 h4 45. Ke2 h3 0-1

[Event "Rhein Main op-B 20th"]
[Site "Bad Homburg"]
[Date "2017.06.18"]
[Round "7"]
[White "Kiechl, Stefan"]
[Black "Woessmann, David"]
[Result "1/2-1/2"]
[WhiteElo "1827"]
[BlackElo "1801"]
[PlyCount "45"]
[EventDate "2017.06.14"]
[EventType "swiss"]
[EventRounds "7"]
[EventCountry "GER"]
[SourceTitle "EXT 2018"]
[Source "ChessBase"]
[SourceDate "2017.10.13"]
[SourceVersion "1"]
[SourceVersionDate "2017.10.13"]
[SourceQuality "1"]

1. d4 Nf6 2. Nc3 g6 3. Bf4 Bg7 4. Nf3 0-0 5. e4 d6 6. Qd2 Re8 7. Be2 Nbd7 8. 0-0 e5 9. dxe5 dxe5 10. Bg5 Nc5 11. Qxd8 Rxd8 12. Nd5 Ncxe4 13. Nxc7 Rb8 14. Rad1 Bf5 15. Bxf6 Bxf6 16. Nd5 Kg7 17. Nxf6 Nxf6 18. c3 Re8 19. Rfe1 a6 20. h3 Bc2 21. Rd2 Ba4 22. Bd1 Bxd1 23. Rdxd1 1/2-1/2

[Event "Rhein Main op-B 20th"]
[Site "Bad Homburg"]
[Date "2017.06.17"]
[Round "5"]
[White "Kiechl, Stefan"]
[Black "Pyshny, Anton"]
[Result "1-0"]
[WhiteElo "1827"]
[BlackElo "1672"]
[PlyCount "95"]
[EventDate "2017.06.14"]
[EventType "swiss"]
[EventRounds "7"]
[EventCountry "GER"]
[SourceTitle "EXT 2018"]
[Source "ChessBase"]
[SourceDate "2017.10.13"]
[SourceVersion "1"]
[SourceVersionDate "2017.10.13"]
[SourceQuality "1"]

1. d4 d5 2. Nc3 Nf6 3. Bg5 Bf5 4. e3 e6 5. Bd3 Bxd3 6. cxd3 Be7 7. Nf3 0-0 8. 0-0 Nh5 9. Bxe7 Qxe7 10. Ne5 Nf6 11. Qb3 c6 12. Rac1 b6 13. Na4 Rc8 14. Rc3 Nfd7 15. f4 c5 16. Qa3 Nxe5 17. fxe5 Nd7 18. dxc5 bxc5 19. d4 Qf8 20. Nxc5 Nxc5 21. Rxc5 Rxc5 22. Qxc5 Qxc5 23. dxc5 Rc8 24. Rc1 Kf8 25. b4 a6 26. a4 Ke7 27. b5 axb5 28. axb5 Kd7 29. Kf2 Rb8 30. Rb1 Kc7 31. Ke2 Kb7 32. Kd3 Ra8 33. Rf1 Ra3+ 34. Kc2 Ra2+ 35. Kb3 Rxg2 36. Rxf7+ Kc8 37. b6 Rg1 38. Kb4 Rb1+ 39. Ka5 Ra1+ 40. Kb5 Rb1+ 41. Kc6 Kd8 42. b7 Ke8 43. Rxg7 Kf8 44. Rxh7 Kg8 45. Rc7 Rb4 46. Rc8+ Kf7 47. b8Q Rxb8 48. Rxb8 1-0

[Event "Rhein Main op-B 20th"]
[Site "Bad Homburg"]
[Date "2017.06.14"]
[Round "1"]
[White "Kiechl, Stefan"]
[Black "Goodwin, David"]
[Result "1-0"]
[WhiteElo "1827"]
[BlackElo "1530"]
[PlyCount "81"]
[EventDate "2017.06.14"]
[EventType "swiss"]
[EventRounds "7"]
[EventCountry "GER"]
[SourceTitle "EXT 2018"]
[Source "ChessBase"]
[SourceDate "2017.10.13"]
[SourceVersion "1"]
[SourceVersionDate "2017.10.13"]
[SourceQuality "1"]

1. d4 g6 2. Nc3 Bg7 3. e4 d6 4. Nf3 Nd7 5. Be3 a6 6. Qd2 b5 7. Ne2 Nb6 8. Ng3 h6 9. Bd3 Na4 10. c3 Nf6 11. d5 Nc5 12. Bc2 Ng4 13. Bd4 Ne5 14. Nxe5 Bxe5 15. f4 Bxd4 16. Qxd4 Rg8 17. 0-0 e6 18. Rae1 Bb7 19. Rf2 Qh4 20. e5 Bxd5 21. exd6 Kd7 22. Qxc5 cxd6 23. Qd4 f5 24. Bb3 Kc6 25. Bxd5+ exd5 26. Rd1 Qd8 27. Qxd5+ Kc7 28. Rfd2 Rg7 29. Qxd6+ Qxd6 30. Rxd6 a5 31. Re6 Rd8 32. Rxd8 Kxd8 33. Rd6+ Kc7 34. Rd4 Re7 35. Kf2 Kc6 36. Ne2 Kc5 37. Nc1 g5 38. Nd3+ Kc6 39. g3 g4 40. Ne5+ Kc7 41. Rd5 1-0

[Event "Rhein Main op-B 19th"]
[Site "Bad Homburg"]
[Date "2016.05.28"]
[Round "6"]
[White "Kiechl, Stefan"]
[Black "Deutsch, Volker"]
[Result "1/2-1/2"]
[WhiteElo "1849"]
[BlackElo "1590"]
[PlyCount "69"]
[EventDate "2016.05.25"]
[EventType "swiss"]
[EventRounds "7"]
[EventCountry "GER"]
[SourceTitle "EXT 2017"]
[Source "ChessBase"]
[SourceDate "2016.10.25"]
[SourceVersion "1"]
[SourceVersionDate "2016.10.25"]
[SourceQuality "1"]

1. e4 e5 2. Nf3 Nc6 3. Nc3 Nf6 4. a3 d6 5. d4 Bg4 6. d5 Nd4 7. Be3 Nxf3+ 8. gxf3 Bh5 9. Be2 Be7 10. Qd3 Bg6 11. Qc4 Qd7 12. 0-0-0 c6 13. h4 h5 14. Rdg1 Rc8 15. Qb3 a6 16. Bf1 Ra8 17. Bh3 Qc7 18. Bb6 Qb8 19. Qc4 c5 20. Qa4+ Kf8 21. Nd1 Bd8 22. Qb3 Bc7 23. Ne3 Qd8 24. Bxc7 Qxc7 25. Rg5 b5 26. Rhg1 Rg8 27. Bf5 Bxf5 28. Nxf5 g6 29. Ne3 Kg7 30. c4 Rab8 31. Qd3 Qb6 32. cxb5 axb5 33. Qb3 b4 34. a4 Kh7 35. Nc4 1/2-1/2

[Event "Rhein Main op-B 19th"]
[Site "Bad Homburg"]
[Date "2016.05.25"]
[Round "1"]
[White "Boehme, Jonas"]
[Black "Kiechl, Stefan"]
[Result "1/2-1/2"]
[WhiteElo "1496"]
[BlackElo "1849"]
[PlyCount "56"]
[EventDate "2016.05.25"]
[EventType "swiss"]
[EventRounds "7"]
[EventCountry "GER"]
[SourceTitle "EXT 2017"]
[Source "ChessBase"]
[SourceDate "2016.10.25"]
[SourceVersion "1"]
[SourceVersionDate "2016.10.25"]
[SourceQuality "1"]

1. e4 d5 2. exd5 Qxd5 3. Nc3 Qd6 4. Nf3 Nf6 5. d4 a6 6. Bc4 b5 7. Bb3 c5 8. dxc5 Qxd1+ 9. Nxd1 Bb7 10. Ne5 e6 11. f3 Bxc5 12. Be3 Be7 13. Nf2 Nc6 14. Nxc6 Bxc6 15. 0-0-0 Nd5 16. Bd4 0-0 17. Nd3 Rac8 18. Bc5 Rfe8 19. Bxe7 Rxe7 20. Rhe1 Rec7 21. c3 a5 22. Bxd5 Bxd5 23. Kb1 h6 24. Rd2 g5 25. Ne5 Kg7 26. Ng4 h5 27. Ne3 Bc6 28. Nc2 Bd5 1/2-1/2

[Event "Karl Mala Memorial op-A 17th"]
[Site "Frankfurt"]
[Date "2014.08.02"]
[Round "4"]
[White "Zweschper, Erich"]
[Black "Kiechl, Stefan"]
[Result "1-0"]
[WhiteElo "2083"]
[BlackElo "1862"]
[PlyCount "43"]
[EventDate "2014.07.31"]
[EventType "swiss"]
[EventRounds "7"]
[EventCountry "GER"]
[SourceTitle "EXT 2015"]
[Source "ChessBase"]
[SourceDate "2014.11.20"]
[SourceVersion "1"]
[SourceVersionDate "2014.11.20"]
[SourceQuality "1"]

1. d4 f5 2. e4 fxe4 3. Nc3 Nf6 4. f3 e3 5. Bxe3 e6 6. Bd3 Be7 7. Nh3 d6 8. Ng5 Nc6 9. Qe2 e5 10. d5 Nb4 11. Bc4 Nfxd5 12. Nxd5 Nxd5 13. Nf7 Kxf7 14. Bxd5+ Kf8 15. f4 c6 16. Bf3 Qa5+ 17. c3 exf4 18. Bxf4 Qf5 19. 0-0 Qe6 20. Qd2 Kg8 21. Rae1 Qd7 22. Bd5+ 1-0

[Event "Karl Mala Memorial op-A 17th"]
[Site "Frankfurt"]
[Date "2014.07.31"]
[Round "1"]
[White "Kiechl, Stefan"]
[Black "Feldtmann, Thomas"]
[Result "0-1"]
[WhiteElo "1862"]
[BlackElo "2235"]
[PlyCount "84"]
[EventDate "2014.07.31"]
[EventType "swiss"]
[EventRounds "7"]
[EventCountry "GER"]
[SourceTitle "EXT 2015"]
[Source "ChessBase"]
[SourceDate "2014.11.20"]
[SourceVersion "1"]
[SourceVersionDate "2014.11.20"]
[SourceQuality "1"]

1. Nf3 Nf6 2. b3 g6 3. Bb2 Bg7 4. g3 c5 5. c4 Nc6 6. Bg2 a6 7. 0-0 Rb8 8. d3 b5 9. Nbd2 0-0 10. Rc1 d6 11. Nh4 Bd7 12. e3 Nb4 13. Qe2 Nxa2 14. Ra1 Nb4 15. Bc3 Ne8 16. Bxg7 Kxg7 17. f4 f6 18. e4 e5 19. f5 g5 20. Nhf3 Nc7 21. h4 h6 22. Ne1 Nc6 23. Nc2 Be8 24. Bf3 bxc4 25. dxc4 Nd4 26. Nxd4 exd4 27. Rf2 Qe7 28. Rh2 Bf7 29. Qg2 Rbe8 30. Rf1 Qe5 31. Qh3 Rh8 32. Qg2 d3 33. Qf2 Na8 34. Kg2 Nb6 35. Qe3 Qc3 36. hxg5 hxg5 37. Rfh1 Rxh2+ 38. Rxh2 d5 39. Rh1 dxc4 40. Nxc4 Nxc4 41. bxc4 Qc2+ 42. Qf2 Qxc4 0-1

[Event "Wiesbaden op 25th"]
[Site "Wiesbaden"]
[Date "2013.08.25"]
[Round "6"]
[White "Rosmanitz, Anna"]
[Black "Kiechl, Stefan"]
[Result "0-1"]
[WhiteElo "1631"]
[BlackElo "1862"]
[PlyCount "66"]
[EventDate "2013.08.22"]
[EventType "swiss"]
[EventRounds "7"]
[EventCountry "GER"]
[SourceTitle "CBM 156 Extra"]
[Source "ChessBase"]
[SourceDate "2013.10.22"]
[SourceVersion "1"]
[SourceVersionDate "2013.10.22"]
[SourceQuality "1"]

1. e4 d5 2. exd5 Nf6 3. Bc4 Bg4 4. Nf3 Nxd5 5. Nc3 e6 6. Nxd5 exd5 7. Qe2+ Be7 8. Bb3 0-0 9. d4 Bf6 10. Be3 c6 11. 0-0-0 b5 12. h3 Bf5 13. g4 Be4 14. Rhg1 Nd7 15. Nd2 Re8 16. f3 Bg6 17. c3 b4 18. Qf2 bxc3 19. bxc3 Qa5 20. Nb1 Bxb1 21. Kxb1 Qxc3 22. Qd2 Qxe3 23. Qc2 Bxd4 24. Rgf1 Qc3 25. Qxc3 Bxc3 26. Rc1 d4 27. Rfd1 Nf6 28. Ba4 Rab8+ 29. Bb3 a5 30. Kc2 Nd5 31. Kd3 Rb4 32. Bxd5 cxd5 33. Rb1 g6 0-1

[Event "Seefeld op 18th"]
[Site "Seefeld"]
[Date "2007.09.08"]
[Round "8"]
[White "Kiechl, Stefan"]
[Black "Buchaeckert, Juergen"]
[Result "1/2-1/2"]
[WhiteElo "1912"]
[BlackElo "1964"]
[PlyCount "26"]
[EventDate "2007.09.01"]
[EventType "swiss"]
[EventRounds "9"]
[EventCountry "AUT"]
[SourceTitle "EXT 2009"]
[Source "ChessBase"]
[SourceDate "2008.11.26"]
[SourceVersion "1"]
[SourceVersionDate "2008.11.26"]
[SourceQuality "1"]

1. d4 Nf6 2. Bg5 d5 3. Bxf6 exf6 4. e3 c5 5. c4 cxd4 6. Qxd4 Nc6 7. Qd2 Bb4 8. Nc3 0-0 9. cxd5 Ne5 10. Nf3 Qa5 11. Be2 Bg4 12. 0-0 Bxc3 13. bxc3 Rac8 1/2-1/2

[Event "Seefeld op 18th"]
[Site "Seefeld"]
[Date "2007.09.05"]
[Round "5"]
[White "Kiechl, Stefan"]
[Black "Ewanno, Georg"]
[Result "1-0"]
[WhiteElo "1912"]
[BlackElo "1250"]
[PlyCount "71"]
[EventDate "2007.09.01"]
[EventType "swiss"]
[EventRounds "9"]
[EventCountry "AUT"]
[SourceTitle "EXT 2009"]
[Source "ChessBase"]
[SourceDate "2008.11.26"]
[SourceVersion "1"]
[SourceVersionDate "2008.11.26"]
[SourceQuality "1"]

1. d4 f5 2. Bg5 g6 3. h4 Bg7 4. c3 d5 5. Nd2 Qd6 6. Ndf3 Nc6 7. Nh3 Bd7 8. Bf4 e5 9. dxe5 Nxe5 10. Nxe5 Bxe5 11. Qd2 0-0-0 12. Bxe5 Qxe5 13. 0-0-0 Ne7 14. Ng5 Qf6 15. g3 Bc6 16. Qd4 Qf8 17. Ne6 Qf7 18. Nxd8 Rxd8 19. Bg2 Kb8 20. Bf3 Nc8 21. Qf4 Nb6 22. h5 Qf6 23. hxg6 hxg6 24. Qd4 Qg5+ 25. e3 Qe7 26. Rh8 Rxh8 27. Qxh8+ Nc8 28. Bxd5 Bxd5 29. Rxd5 a6 30. Rd8 Qe6 31. Qg8 Qxg8 32. Rxg8 c6 33. Rxg6 Ne7 34. Rf6 Nd5 35. Rxf5 b5 36. Rxd5 1-0

[Event "Kiel op-A 19th"]
[Site "Kiel"]
[Date "2006.07.28"]
[Round "9"]
[White "Scepanik, Hans Juergen"]
[Black "Kiechl, Stefan"]
[Result "1/2-1/2"]
[WhiteElo "1867"]
[BlackElo "1929"]
[PlyCount "98"]
[EventDate "2006.07.22"]
[EventType "swiss"]
[EventRounds "9"]
[EventCountry "GER"]
[SourceTitle "CBM 113 Extra"]
[Source "ChessBase"]
[SourceDate "2006.09.14"]
[SourceVersion "1"]
[SourceVersionDate "2006.09.14"]
[SourceQuality "1"]

1. Nf3 c5 2. c4 e6 3. g3 b6 4. Bg2 Bb7 5. e3 Nf6 6. b3 Be7 7. 0-0 0-0 8. Bb2 Qc7 9. Qe2 d6 10. d3 Nbd7 11. Nc3 a6 12. a3 d5 13. Na2 Rfd8 14. Ne1 dxc4 15. bxc4 Bxg2 16. Kxg2 Ne5 17. f4 Nc6 18. g4 Ne8 19. Nc3 Bf6 20. g5 Bxc3 21. Bxc3 e5 22. Rf3 Qd7 23. fxe5 Qg4+ 24. Kh1 Nc7 25. Qf2 Qe6 26. Qh4 Nxe5 27. Rh3 Ng4 28. Qxh7+ Kf8 29. Qxg7+ Ke7 30. Bf6+ Kd7 31. Ra2 Rg8 32. Qh7 Nxf6 33. gxf6 Rh8 34. Qxh8 Rxh8 35. Rxh8 Qxf6 36. Rg8 Qc3 37. Rg1 b5 38. cxb5 axb5 39. h4 b4 40. axb4 cxb4 41. Rc2 Qe5 42. Ng2 Qg3 43. Rb1 Nd5 44. Rc4 Nxe3 45. Nxe3 Qh3+ 46. Kg1 Qxe3+ 47. Kg2 Qe2+ 48. Kg1 Qe3+ 49. Kg2 Qe2+ 1/2-1/2

[Event "Schwarzburg op"]
[Site "Schwarzburg"]
[Date "2005.09.07"]
[Round "1"]
[White "Neubauer, Bernd"]
[Black "Kiechl, Stefan"]
[Result "1-0"]
[WhiteElo "2218"]
[BlackElo "1929"]
[PlyCount "83"]
[EventDate "2005.09.07"]
[EventType "swiss"]
[EventRounds "7"]
[EventCountry "GER"]
[SourceTitle "CBM 108 Extra"]
[Source "ChessBase"]
[SourceDate "2005.11.04"]
[SourceVersion "1"]
[SourceVersionDate "2005.11.04"]
[SourceQuality "1"]

1. d4 Nf6 2. c4 e6 3. Nc3 Bb4 4. Qc2 d6 5. g3 Nc6 6. e3 0-0 7. Bg2 e5 8. d5 Ne7 9. Nge2 c5 10. 0-0 Bxc3 11. Nxc3 a6 12. a4 b6 13. e4 Nd7 14. Bd2 f5 15. f4 g6 16. Rae1 Rf7 17. b3 Qf8 18. fxe5 Nxe5 19. Bf4 Rf6 20. Qd2 Ra7 21. exf5 Nxf5 22. Bxe5 dxe5 23. Rxe5 Nd6 24. Qe2 Bf5 25. g4 Bc8 26. h3 Raf7 27. Rxf6 Rxf6 28. Ne4 Rf7 29. Ng5 Ra7 30. Qe3 Qf6 31. Ne6 Re7 32. g5 Qh8 33. Qe1 Nf7 34. Re3 Bxe6 35. Rxe6 Qd4+ 36. Kh1 Rd7 37. Rxb6 Ne5 38. Re6 Nd3 39. Re8+ Kg7 40. Re7+ Kh8 41. Qe6 Nf2+ 42. Kh2 1-0

[Event "Goch op 15th"]
[Site "Goch"]
[Date "2004.10.02"]
[Round "5"]
[White "Hartung, Thomas"]
[Black "Kiechl, Stefan"]
[Result "1-0"]
[WhiteElo "2072"]
[BlackElo "1704"]
[PlyCount "37"]
[EventDate "2004.09.30"]
[EventType "swiss"]
[EventRounds "7"]
[EventCountry "GER"]
[SourceTitle "EXT 2006"]
[Source "ChessBase"]
[SourceDate "2005.11.24"]
[SourceVersion "1"]
[SourceVersionDate "2005.11.24"]
[SourceQuality "1"]

1. e4 c5 2. Nf3 e6 3. d4 cxd4 4. Nxd4 a6 5. a4 Nf6 6. Bd3 Qc7 7. 0-0 d6 8. Nc3 Be7 9. Be3 0-0 10. f4 b6 11. g4 Bb7 12. g5 Nfd7 13. Qh5 g6 14. Qh6 Rd8 15. f5 Bf8 16. Qh3 e5 17. fxg6 hxg6 18. Rxf7 Kxf7 19. Qh7+ 1-0

[Event "Goch op 15th"]
[Site "Goch"]
[Date "2004.10.01"]
[Round "2"]
[White "Kiechl, Stefan"]
[Black "Ragsch, Klaus"]
[Result "1/2-1/2"]
[WhiteElo "1704"]
[BlackElo "2033"]
[PlyCount "105"]
[EventDate "2004.09.30"]
[EventType "swiss"]
[EventRounds "7"]
[EventCountry "GER"]
[SourceTitle "EXT 2006"]
[Source "ChessBase"]
[SourceDate "2005.11.24"]
[SourceVersion "1"]
[SourceVersionDate "2005.11.24"]
[SourceQuality "1"]

1. d4 d5 2. c4 e6 3. Nc3 Nf6 4. Nf3 c6 5. cxd5 exd5 6. Qc2 Be7 7. Bf4 Nbd7 8. e3 0-0 9. Bd3 Re8 10. 0-0 Nf8 11. h3 Ne6 12. Bh2 g6 13. a3 Ng7 14. b4 a6 15. Ne5 Bf5 16. Na4 Bxd3 17. Qxd3 Nd7 18. Nxd7 Qxd7 19. Nb6 Qd8 20. Nxa8 Qxa8 21. Rfc1 Nf5 22. Qb3 Nd6 23. Bxd6 Bxd6 24. a4 Qd8 25. Rab1 Qf6 26. b5 axb5 27. axb5 g5 28. Qd1 Re4 29. Qf3 Qg6 30. g4 h5 31. gxh5 Qe6 32. Qg2 g4 33. f3 Rxe3 34. Qxg4+ Qxg4+ 35. hxg4 Rxf3 36. bxc6 bxc6 37. Rxc6 Be7 38. Re1 Bh4 39. Re8+ Kh7 40. Rcc8 Bf6 41. Kg2 Rd3 42. Rc7 Kg7 43. Rcc8 Kh7 44. Rf8 Kg7 45. h6+ Kxh6 46. Rxf7 Bxd4 47. Rg8 Be5 48. Rf5 Bg7 49. Re8 Kh7 50. Re6 d4 51. Rf7 Kg8 52. Ree7 Bf8 53. Rd7 1/2-1/2

[Event "Goch op 15th"]
[Site "Goch"]
[Date "2004.10.01"]
[Round "3"]
[White "Moes, Waldemar"]
[Black "Kiechl, Stefan"]
[Result "1-0"]
[WhiteElo "2028"]
[BlackElo "1704"]
[PlyCount "53"]
[EventDate "2004.09.30"]
[EventType "swiss"]
[EventRounds "7"]
[EventCountry "GER"]
[SourceTitle "EXT 2006"]
[Source "ChessBase"]
[SourceDate "2005.11.24"]
[SourceVersion "1"]
[SourceVersionDate "2005.11.24"]
[SourceQuality "1"]

1. e4 c5 2. Nf3 e6 3. d4 cxd4 4. Nxd4 a6 5. Nc3 Qc7 6. Be3 Nf6 7. Qd2 Bb4 8. f3 d6 9. 0-0-0 0-0 10. Nb3 Nbd7 11. g4 Ne5 12. g5 Nfd7 13. f4 Nc4 14. Bxc4 Qxc4 15. Qd3 Qc7 16. Bd4 Nc5 17. Qe3 Nxb3+ 18. axb3 Bc5 19. f5 Qb6 20. f6 Bxd4 21. Qxd4 Qxd4 22. Rxd4 Rd8 23. Rhd1 gxf6 24. gxf6 b5 25. Rxd6 Rxd6 26. Rxd6 Bb7 27. Rb6 1-0

[Event "Feffernitz Raika op 13th"]
[Site "Feffernitz"]
[Date "2004.08.22"]
[Round "9"]
[White "Meschnig, Manfred"]
[Black "Kiechl, Stefan"]
[Result "1/2-1/2"]
[WhiteElo "1952"]
[BlackElo "1668"]
[PlyCount "38"]
[EventDate "2004.08.14"]
[EventType "swiss"]
[EventRounds "9"]
[EventCountry "AUT"]
[SourceTitle "EXT 2005"]
[Source "ChessBase"]
[SourceDate "2004.11.15"]
[SourceVersion "1"]
[SourceVersionDate "2004.11.15"]
[SourceQuality "1"]

1. d4 c5 2. Nf3 e6 3. c4 Nf6 4. Nc3 cxd4 5. Nxd4 a6 6. Bg5 Be7 7. e3 0-0 8. Bd3 d6 9. Bxf6 Bxf6 10. Qh5 g6 11. Qe2 Nc6 12. Nxc6 Bxc3+ 13. bxc3 bxc6 14. h4 Qf6 15. Qc2 h5 16. Ke2 e5 17. f3 Bf5 18. Bxf5 Qxf5 19. Qxf5 gxf5 1/2-1/2